Guess Which Countries Use Which Calendar - Statistics

General Stats
  • This quiz has been taken 8 times
  • The average score is 12 of 21
Answer Stats
Hint Answer % Correct
Assyrian Iraq
100%
Burmese Myanmar
100%
Emirati United Arab Emirates
100%
Yemeni Yemen
100%
Hebrew Israel
86%
Mauritanian Mauritania
86%
Gregorian US, Canada, Europe, Australia
86%
Roman Ancient Rome
71%
Bengali Bangladesh
71%
Coptic Egypt
71%
Javanese Indonesia (Java)
57%
Juche North Korea
57%
Nanakshahi India (Punjab)
43%
Julian Russia, Orthodox Communtites
43%
Drukpa Bhutan
29%
Ge'ez Eritea
14%
Vikram Samvat Nepal
14%
Minguo Taiwan
14%
Buddhist Thailand
14%
Pawukon Indonesia (Bali)
0%
Solor Hijiri Iran
0%
No matching quizzes found
Score Distribution
Percent of People with Each Score
Percentile by Number Answered
Your Score History
You have not taken this quiz